00267nam a2200109 a 4500008004100000050001700041100001900058245002200077260003900099300001000138350000900148120416s1985 ||||||||||||||||| || u aPR 6068.06F5 aRoberts, Cecil12aA flight of birds aLondonbHodder and Stoughtonc1985 a255p. a0.00